| 000 | 01461nam0a22003251 4500 | ||
|---|---|---|---|
| 001 | rc\3196031 | ||
| 005 | 20260407104905.0 | ||
| 021 |
_aRU _b[76-71872] |
||
| 035 | _a(NLR Aleph) 007353079 | ||
| 090 |
_a6229421 _c6229421 |
||
| 100 | _a20120628d1976 |||y0rusy50 ca | ||
| 101 | 0 | _arus | |
| 102 | _aRU | ||
| 105 | _aa z ||||| | ||
| 200 | 1 |
_aGeographia lituanica _eСборник статей для XXIII Междунар. геогр. конгресса _fРед. проф. А. Басаликас, проф. В. Гуделис |
|
| 210 |
_aВильнюс _cОтд. географии АН ЛитССР _d1976 |
||
| 215 |
_a319 с., 1 л. схем. _cил. _d26 |
||
| 300 | _aРез. статей англ. | ||
| 300 | _aВ надзаг.: АН ЛитССР, Отд. географии, Геогр. о-во ЛитССР | ||
| 320 | _aСписки лит. в конце статей | ||
| 607 |
_aЛитовская ССР _xГеография _jСборники _2psbo |
||
| 702 | 1 |
_aГуделис _bВ. _4340 |
|
| 702 | 1 |
_aБасаликас _bА. _4340 |
|
| 710 | 1 | 2 |
_aМеждународный географический конгресс _d23 _f1976 _eМосква _3RU\NLR\AUTH\8810060504 _9622370 |
| 712 | 1 | 2 |
_aМеждународный географический конгресс _d23 _f1976 _eМосква _3RU\NLR\AUTH\8810060504 _9622370 |
| 801 | 0 |
_aRU _bNLR _gpsbo |
|
| 801 | 1 |
_aRU _bELAR _2rusmarc |
|
| 852 |
_aNLR _j77-7/199 |
||
| 942 | _cBOOK | ||
| 980 | _aNB | ||